书目信息 |
| 题名: |
一本书读通历代趣闻轶事
|
|
| 作者: | 赵浩 编著 | |
| 分册: | ||
| 出版信息: | 北京 石油工业出版社 2010.10 |
|
| 页数: | 332页 | |
| 开本: | 26cm | |
| 丛书名: | ||
| 单 册: | ||
| 中图分类: | K206.6 | |
| 科图分类: | ||
| 主题词: | 中国历史--掌故--通俗读物 , 中国历史 , 掌故 | |
| 电子资源: | ||
| ISBN: | 978-7-5021-7969-4 | |
| 000 | 00895nam0 2200253 450 | |
| 001 | 012010092853 | |
| 005 | 20120419161809.87 | |
| 010 | @a978-7-5021-7969-4@dCNY26.80 | |
| 100 | @a20101028d2010 em y0chiy0110 ea | |
| 101 | 0 | @achi |
| 102 | @aCN@b110000 | |
| 105 | @ay z 000yy | |
| 106 | @ar | |
| 200 | 1 | @a一本书读通历代趣闻轶事@9yi ben shu du tong li dai qu wen yi shi@e极品超值最新版@f赵浩编著 |
| 210 | @a北京@c石油工业出版社@d2010.10 | |
| 215 | @a332页@d26cm | |
| 330 | @a本书以普及历史文化知识为主,采撷历史上发生的趣闻轶事,揭秘人性美丑善恶,展现历史风云变幻,感悟人间世事沧桑。每篇文章后都有“知识链接”这一板块,它是对文章内容的延伸,使读者了解更多的历史文化知识。 | |
| 606 | 0 | @a中国历史@x掌故@j通俗读物 |
| 606 | 0 | @a中国历史 |
| 606 | 0 | @a掌故 |
| 690 | @aK206.6@v4 | |
| 701 | 0 | @a赵浩@9zhao hao@4编著 |
| 801 | 0 | @aCN@bRENTIAN@c20101028 |
| 905 | @b538145-49@dK206.6@e92@f5 | |
| 一本书读通历代趣闻轶事:极品超值最新版/赵浩编著.-北京:石油工业出版社,2010.10 |
| 332页;26cm |
| ISBN 978-7-5021-7969-4:CNY26.80 |
| 本书以普及历史文化知识为主,采撷历史上发生的趣闻轶事,揭秘人性美丑善恶,展现历史风云变幻,感悟人间世事沧桑。每篇文章后都有“知识链接”这一板块,它是对文章内容的延伸,使读者了解更多的历史文化知识。 |
| ● |
| 相关链接 |
|
|
|
|
正题名:一本书读通历代趣闻轶事
索取号:K206.6/92
 
预约/预借
| 序号 | 登录号 | 条形码 | 馆藏地/架位号 | 状态 | 备注 |
| 1 | 538145 | 205381451 | 第二样本阅览室/ [索取号:K206.6/92] | 在馆 | |
| 2 | 538146 | 205381460 | 第二借阅区/ [索取号:K206.6/92] | 在馆 | |
| 3 | 538147 | 205381479 | 第二借阅区/ [索取号:K206.6/92] | 在馆 | |
| 4 | 538148 | 205381488 | 第二借阅区/ [索取号:K206.6/92] | 在馆 | |
| 5 | 538149 | 205381497 | 第二借阅区/ [索取号:K206.6/92] | 在馆 |